00237nam a2200109Ia 4500008004100000082001100041245001500052250000600067260002400073630001500097730001500112090124s9999 xx 000 0 und d b200729 aBARA PANI  a0 bMAJUMDAR LILAc1972 aBARA PANI  aBARA PANI